000 00879cam a2200265 a 4500
001 78197
003 BD-RjUL
005 20211209083112.0
008 210411s1986 le 00010 arar
035 _a(BD-RjUL)78423
040 _aUkOxU
_beng
_cBD-RjUL
041 _aeng
043 _ama-----
066 _c(3
082 _223
_a892.709
_bATT 1986
100 1 _a عتيق, عبد العزيز ;; Ateeq Abdul Aziz
_9246925
245 1 0 _aتأريخ النقد الأدبي عند العرب ;; Tārīkh al-naqd al-adabī ʿinda al-ʿArab /
_cعبد العزيز عتيق ;; Abdul Aziz Ateeq
260 _aBayrut :
_bDār al-Nahzat al Arabia,
_c1406 [1986]
300 _a205 p. ;
_c24 cm.
650 0 _aArabic literature
_xHistory and criticism.
_9246926
700 1 _aShāyib, Aḥmad.
_9246927
942 _2ddc
_cBK
999 _c78197
_d78197